The green guide for historic buildings: how to improve the environmental performance of listed and historic buildings (Record no. 110758)
[ view plain ]
| 000 -LEADER | |
|---|---|
| fixed length control field | 01340cam a22002415a 4500 |
| 001 - CONTROL NUMBER | |
| control field | L150157 |
| 008 - FIXED-LENGTH DATA ELEMENTS--GENERAL INFORMATION | |
| fixed length control field | 100608s2010 xxka f 000 0 eng d |
| 020 ## - INTERNATIONAL STANDARD BOOK NUMBER | |
| International Standard Book Number | 9780117068445 |
| 035 ## - SYSTEM CONTROL NUMBER | |
| System control number | (Sirsi) u150157 |
| 041 0# - LANGUAGE CODE | |
| Language code of text/sound track or separate title | eng |
| 050 04 - LIBRARY OF CONGRESS CALL NUMBER | |
| Classification number | 690.241 $2 18 |
| 110 2# - MAIN ENTRY--CORPORATE NAME | |
| Corporate name or jurisdiction name as entry element | Prince's Regeneration Trust |
| 9 (RLIN) | 5864 |
| 245 04 - TITLE STATEMENT | |
| Title | The green guide for historic buildings: how to improve the environmental performance of listed and historic buildings |
| 260 ## - PUBLICATION, DISTRIBUTION, ETC. | |
| Place of publication, distribution, etc. | Norwich |
| Name of publisher, distributor, etc. | TSO |
| Date of publication, distribution, etc. | 2010 |
| 300 ## - PHYSICAL DESCRIPTION | |
| Extent | 123p. |
| Other physical details | col. ill. |
| Dimensions | 25cm. |
| 505 2# - FORMATTED CONTENTS NOTE | |
| Formatted contents note | About the guide -- Statutory requirements, targets and policy -- Planning a sustainable project -- Reducing demand for energy and resources: the building fabric and contents -- Moving to cleaner energy -- Adapting to the impacts of climate change -- Reducing demand for energy and resources: the building in use -- Summary |
| 520 ## - SUMMARY, ETC. | |
| Summary, etc. | Offers advice on energy conservation and using renewable energy in historic buildings. Discusses the work itself, the statutory permissions required, funding, and suppliers. Also uses successful case studies to illustrate these points. |
| 590 ## - LOCAL NOTE (RLIN) | |
| Local note | KA |
| 651 #4 - SUBJECT ADDED ENTRY--GEOGRAPHIC NAME | |
| Geographic name | United Kingdom |
| Chronological subdivision | |
| 690 ## - LOCAL SUBJECT ADDED ENTRY--TOPICAL TERM (OCLC, RLIN) | |
| Topical term or geographic name as entry element | BUILT ENVIRONMENT-BUILDING TYPES-ANCIENT MONUMENTS AND HISTORIC BUILDINGS |
| 690 ## - LOCAL SUBJECT ADDED ENTRY--TOPICAL TERM (OCLC, RLIN) | |
| Topical term or geographic name as entry element | ENVIRONMENTAL AND LAND CONSULTANCY-ENERGY-ENERGY USE-ENERGY EFFICIENCY |
| 942 ## - ADDED ENTRY ELEMENTS (KOHA) | |
| Suppress in OPAC | 0 |
| Withdrawn status | Lost status | Source of classification or shelving scheme | Damaged status | Not for loan | Home library | Current library | Shelving location | Date acquired | Total Checkouts | Full call number | Barcode | Date last seen | Date last checked out | Copy number | Price effective from | Koha item type |
|---|---|---|---|---|---|---|---|---|---|---|---|---|---|---|---|---|
| Dewey Decimal Classification | London | London | Books | 08/06/2010 | 2 | 690.241 PRI | 32100000 | 06/08/2019 | 17/11/2010 | 1 | 06/08/2019 | Book |